| 000 | 00410nam a2200145Ia 4500 | ||
|---|---|---|---|
| 999 |
_c330 _d330 |
||
| 020 | _a0-8108-0495-6 | ||
| 082 | _aRR 910.72 MAR-; | ||
| 100 | _aMartinson, Tom L | ||
| 245 | 0 | _aIntroduction to library research in geography: an instruction manual and short b | |
| 260 |
_aMetuchen _bScarecrow Press _c1972 |
||
| 300 | _a168p. | ||
| 650 | _aGeography - Bibliography | ||
| 650 | _aGeography - Research | ||
| 942 | _cBK | ||